| 000 | 00529nam a2200169 i 4500 | ||
|---|---|---|---|
| 001 | 90157 | ||
| 003 | ES-MaACL | ||
| 005 | 20230906180351.0 | ||
| 007 | t| | ||
| 008 | 050118s1980 sp ||||1| spa d | ||
| 100 | 1 |
_aLefuheux, André. _971256 |
|
| 245 | 1 | 0 |
_aEquivalencias de transistores / _cAndré Lefuheux ; [traducido por Manuel Sagardía Valcárcel]. |
| 260 |
_aMadrid : _bParaninfo, _c1980. |
||
| 300 |
_a262 p. : _bil. ; _c17 cm. |
||
| 700 | 1 |
_aSagardía Valcarce, Manuel. _9101404 |
|
| 852 |
_aES-MaACL _jA-10518 _bR.99968 |
||
| 999 |
_c90157 _d90157 |
||